[Event "World Blitz Women 2017"]
[Site "Riyadh KSA"]
[Date "2017.12.30"]
[Round "14.33"]
[White "Gara, Anita"]
[Black "Enkhtuul, Altan-Ulzii"]
[Result "0-1"]
[WhiteTitle "IM"]
[BlackTitle "WGM"]
[WhiteElo "2367"]
[BlackElo "2344"]
[WhiteFideId "709751"]
[BlackFideId "4901444"]
[EventDate "2017.12.29"]

1. e4 Nf6 2. Nc3 d5 3. exd5 Nxd5 4. Qf3 c6 5. Bc4 Nf6 6. h3 Nbd7 7. Qe2 Nb6 8.
Bb3 a5 9. a4 Bf5 10. Nf3 e6 11. d4 Be7 12. O-O O-O 13. Nh4 Bg6 14. Nxg6 hxg6 15.
Rd1 Nbd5 16. Ne4 Qc7 17. Qf3 Rfd8 18. Ng5 Bf8 19. c3 b5 20. Re1 Qd7 21. Bd2 Re8
22. Rad1 Rab8 23. Bc1 Nb6 24. axb5 cxb5 25. Bf4 Bd6 26. Be5 Nbd5 27. Qg3 Rbd8
28. Qh4 Nh5 29. g4 f6 30. Bxd6 Qxd6 31. Nxe6 Rxe6 32. gxh5 g5 33. Qg4 Rde8 34.
Rxe6 Rxe6 35. Qf3 Nf4 36. Re1 a4 37. Bxe6+ Nxe6 38. Qg3 Nf4 39. Qe3 Kh7 40. h4
gxh4 41. Qe4+ Kh6 42. Re3 Nxh5 43. Qf5 Nf4 44. Re8 g6 45. Qg4 g5 46. Qf3 Ng6 47.
Re3 Kg7 48. Qb7+ Kh6 49. Qxb5 Qf4 50. Qd5 Qg4+ 51. Qg2 Qd1+ 52. Kh2 Nf4 53. Qg1
Qh5 54. c4 Qg6 55. d5 Qf5 56. d6 Qd7 57. c5 Qc6 58. Qg4 f5 59. Qg1 g4 60. Rc3
Nd5 61. Rd3 Nf6 62. Qc1+ Kg6 63. Qd1 Nd7 64. Re3 Qxc5 65. Qe2 Qxd6+ 66. Kg1 Nf6
67. Re6 Qd4 68. Qe3 Qd1+ 69. Kh2 Qd5 70. Re7 Qd6+ 71. Kg1 h3 72. Re6 Qd1+ 73.
Kh2 Qd5 74. Re5 Qd6 75. Kg1 h2+ 76. Kxh2 Nd7 77. f4 gxf3 78. Qxf3 Qxe5+ 79. Kg2
Qxb2+ 80. Kg3 Qe5+ 81. Kg2 Qe4 82. Qxe4 fxe4 83. Kf2 Kf5 84. Ke3 a3 0-1

[Event "World Blitz Women 2017"]
[Site "Riyadh KSA"]
[Date "2017.12.30"]
[Round "14.34"]
[White "Tokhirjonova, Gulrukhbegim"]
[Black "Mammadova, Gulnar"]
[Result "1-0"]
[WhiteTitle "WGM"]
[BlackTitle "IM"]
[WhiteElo "2329"]
[BlackElo "2357"]
[WhiteFideId "14203626"]
[BlackFideId "13403508"]
[EventDate "2017.12.29"]

1. e4 g6 2. d4 Bg7 3. Nc3 c6 4. Nf3 d5 5. h3 Nh6 6. Be2 f6 7. O-O O-O 8. exd5
cxd5 9. Bf4 Nc6 10. Qd2 Nf7 11. Bg3 a6 12. a4 g5 13. Nh2 Bf5 14. f4 Be4 15. Nxe4
dxe4 16. d5 f5 17. fxg5 Nd4 18. c4 Nb3 19. Qb4 Nxa1 20. Rxa1 Nxg5 21. Rd1 f4 22.
Bh4 f3 23. Bxg5 fxe2 24. Re1 a5 25. Qxe7 Qxe7 26. Bxe7 Bd4+ 27. Kh1 Rf2 28. Bh4
e3 29. Bxf2 exf2 30. Rxe2 Rc8 31. b3 Rf8 32. Nf1 h5 33. g4 Rf3 34. Kg2 Rxb3 35.
gxh5 Rc3 36. d6 Rxc4 37. d7 Bb6 38. Re8+ Kf7 39. d8=Q Bxd8 40. Rxd8 Rxa4 41.
Rd7+ Kf6 42. Rxb7 Kg5 43. Rb5+ Kh6 44. Kxf2 Rf4+ 45. Kg2 a4 46. Ra5 Rb4 47. Ng3
Rb2+ 48. Kf3 Rb3+ 49. Kf4 a3 50. Ra6+ Kh7 51. h4 Rc3 52. h6 Rb3 53. Nf5 Rb4+ 54.
Kg5 Rb3 55. Ra7+ Kh8 56. h5 Rc3 57. Ra6 Rb3 58. Kg6 Rb8 59. Rxa3 Rc8 60. Ra6
Rg8+ 61. Kf6 Rf8+ 62. Kg5 Rg8+ 63. Ng7 Rc8 64. Re6 Kh7 65. Nf5 Rg8+ 66. Rg6 Rb8
67. Rg7+ Kh8 68. Ra7 Rg8+ 69. Kh4 Rg1 70. Ne7 Kh7 71. Nf5+ Kh8 72. Ng3 Rb1 73.
Kg4 Rg1 74. Ra6 Kh7 75. Rg6 Rg2 76. Kf4 Rf2+ 77. Ke5 Rf3 78. Ne4 Re3 79. Kd5
Rd3+ 80. Ke6 Re3 81. Ke5 Re1 82. Kf4 Rf1+ 83. Ke3 Re1+ 84. Kd3 Rd1+ 85. Ke2 Rh1
86. Nf6+ Kh8 87. Rg8# 1-0

[Event "World Blitz Women 2017"]
[Site "Riyadh KSA"]
[Date "2017.12.30"]
[Round "14.35"]
[White "Khukhashvili, Sopiko"]
[Black "Melia, Salome"]
[Result "1-0"]
[WhiteTitle "IM"]
[BlackTitle "IM"]
[WhiteElo "2312"]
[BlackElo "2404"]
[WhiteFideId "13602055"]
[BlackFideId "13602446"]
[EventDate "2017.12.29"]

1. c4 g6 2. Nc3 Bg7 3. Nf3 d6 4. d4 Nf6 5. e4 O-O 6. h3 e5 7. d5 a5 8. Bd3 Na6
9. O-O Nc5 10. Bc2 c6 11. Be3 cxd5 12. cxd5 b6 13. a3 Ba6 14. Re1 Rc8 15. Qd2
Bc4 16. b4 Nb3 17. Bxb3 Bxb3 18. Rab1 a4 19. Rbc1 Qd7 20. Qb2 Bc4 21. Bxb6 Nh5
22. Qc2 Bb3 23. Qd3 Nf4 24. Qd2 Bh6 25. Be3 g5 26. Nh2 Bg7 27. Nf1 f5 28. exf5
Qxf5 29. Ng3 Qd7 30. Nge4 h6 31. Bxf4 exf4 32. f3 Rc4 33. Ne2 Rfc8 34. Rxc4 Bxc4
35. N2c3 Bb3 36. Kh2 Be5 37. Ne2 Qa7 38. Rc1 Rxc1 39. Nxc1 Bc4 40. Qc2 Qd4 41.
Qxa4 Qd1 42. Qxd1 1-0

[Event "World Blitz Women 2017"]
[Site "Riyadh KSA"]
[Date "2017.12.30"]
[Round "14.36"]
[White "Savina, Anastasia"]
[Black "Badelka, Olga"]
[Result "1/2-1/2"]
[WhiteTitle "IM"]
[BlackTitle "WIM"]
[WhiteElo "2350"]
[BlackElo "2388"]
[WhiteFideId "4196872"]
[BlackFideId "13509926"]
[EventDate "2017.12.29"]

1. Nf3 c5 2. c4 Nc6 3. g3 g6 4. Bg2 Bg7 5. O-O e5 6. Nc3 Nge7 7. a3 d6 8. Ne1
O-O 9. Nc2 a5 10. d3 Be6 11. Ne3 f5 12. Rb1 Rb8 13. Bd2 Kh8 14. Ned5 Bg8 15.
Nxe7 Nxe7 16. b4 axb4 17. axb4 cxb4 18. Rxb4 d5 19. cxd5 Nxd5 20. Nxd5 Bxd5 21.
Bxd5 Qxd5 22. Qb3 Qd7 23. Rb1 Rf7 24. Be3 f4 25. Ba7 Rbf8 26. Rxb7 Qf5 27. Rxf7
Rxf7 28. Qb8+ Rf8 29. Qc7 f3 30. exf3 Qxd3 31. Rb7 Qd1+ 32. Kg2 Qxf3+ 33. Kg1
Qd1+ 34. Kg2 Qf3+ 35. Kg1 1/2-1/2

[Event "World Blitz Women 2017"]
[Site "Riyadh KSA"]
[Date "2017.12.30"]
[Round "14.37"]
[White "Li, Ruofan"]
[Black "Nakhbayeva, Guliskhan"]
[Result "0-1"]
[WhiteTitle "IM"]
[BlackTitle "WGM"]
[WhiteElo "2351"]
[BlackElo "2314"]
[WhiteFideId "8600643"]
[BlackFideId "13704788"]
[EventDate "2017.12.29"]

1. d4 Nf6 2. c4 e6 3. Nc3 Bb4 4. e3 O-O 5. Ne2 Re8 6. a3 Bf8 7. g3 d5 8. b3 b6
9. Bg2 c6 10. O-O Ba6 11. cxd5 cxd5 12. Re1 Nc6 13. Nf4 Rc8 14. Bb2 Na5 15. Nd3
Nxb3 16. Qxb3 Bxd3 17. Nxd5 Bc4 18. Nxf6+ Qxf6 19. Qd1 b5 20. Qd2 Qd8 21. e4 e5
22. d5 Bc5 23. h3 h6 24. Kh2 Qf6 25. f4 Bd6 26. Bf1 Qe7 27. f5 Bxf1 28. Rxf1 f6
29. Rf2 Rc4 30. Re2 Rec8 31. Qa5 Qb7 32. Rb1 a6 33. h4 Rc2 34. Qe1 Qa7 35. Qd1
Qc5 36. Kg2 Rc4 37. Qd3 a5 38. g4 b4 39. axb4 axb4 40. g5 hxg5 41. hxg5 fxg5 42.
Rh1 Rc2 43. Kf3 Rxe2 44. Qxe2 Qc2 45. Qa6 Rc3+ 46. Bxc3 Qxc3+ 47. Kg4 Qc2 48.
Kh5 Qe2+ 49. Kg6 Qxa6 50. Rc1 Bf8+ 51. Kxg5 Qh6+ 52. Kg4 Qxc1 53. f6 gxf6 54.
Kf5 Qf4+ 55. Ke6 Qxe4 56. d6 Bxd6 57. Kxd6 b3 58. Ke6 b2 0-1

[Event "World Blitz Women 2017"]
[Site "Riyadh KSA"]
[Date "2017.12.30"]
[Round "14.38"]
[White "Ordaz Valdes, Lisandra Teresa"]
[Black "Zozulia, Anna"]
[Result "1/2-1/2"]
[WhiteTitle "WGM"]
[BlackTitle "IM"]
[WhiteElo "2414"]
[BlackElo "2316"]
[WhiteFideId "3506940"]
[BlackFideId "14102110"]
[EventDate "2017.12.29"]

1. d4 g6 2. c4 Bg7 3. e4 d6 4. Nc3 Nc6 5. Be3 e5 6. d5 Nce7 7. c5 f5 8. cxd6
cxd6 9. Bb5+ Bd7 10. Bxd7+ Qxd7 11. f3 Nf6 12. Qd2 fxe4 13. fxe4 b5 14. a3 a5
15. Nge2 b4 16. axb4 O-O 17. bxa5 Ng4 18. h3 Nxe3 19. Qxe3 Qb7 20. Rf1 Qxb2 21.
Rb1 Qa3 22. Rf3 Qxa5 23. Kf1 Rxf3+ 24. gxf3 Qa6 25. Rb6 Qa1+ 26. Rb1 Qa6 27. Rb6
Qa1+ 28. Rb1 Qa6 1/2-1/2

[Event "World Blitz Women 2017"]
[Site "Riyadh KSA"]
[Date "2017.12.30"]
[Round "14.39"]
[White "Doluhanova, Evgeniya"]
[Black "Rapport, Jovana"]
[Result "1-0"]
[WhiteTitle "WGM"]
[BlackTitle "WGM"]
[WhiteElo "2352"]
[BlackElo "2299"]
[WhiteFideId "14112035"]
[BlackFideId "937266"]
[EventDate "2017.12.29"]

1. e4 g6 2. d4 Nf6 3. Nc3 d5 4. exd5 Nxd5 5. Nxd5 Qxd5 6. Nf3 Bg7 7. Be2 c5 8.
c4 Qd8 9. d5 O-O 10. O-O e6 11. Bg5 Qb6 12. Be3 Nd7 13. Rb1 Qd6 14. dxe6 Qxe6
15. Ng5 Qe7 16. Re1 h6 17. Nf3 Rd8 18. Qc2 Nf6 19. Bd3 Qf8 20. Rbd1 Bg4 21. Be2
b6 22. h3 Bf5 23. Qc1 Rxd1 24. Rxd1 Rd8 25. Rxd8 Qxd8 26. Bxh6 Bh8 27. Bg5 Qe8
28. Qe3 Qxe3 29. Bxe3 Ne4 30. Bc1 Be6 31. Bd3 Nd6 32. b3 Nf5 33. Ng5 Bd7 34. Be4
Be5 35. Bd5 Be8 36. Nf3 Bd6 37. g4 Ne7 38. Be4 Nc6 39. Bb2 Nb4 40. a3 Nc6 41.
Bd5 Ne7 42. Be4 Nc6 43. Bd5 Ne7 44. Be4 Nc6 45. Kg2 Na5 46. Bc2 Bc6 47. Bc3 Nb7
48. Bd1 a5 49. Kf1 Be7 50. Ne1 Nd6 51. Bf3 Be4 52. Ke2 f5 53. Be5 Bxf3+ 54. Nxf3
Nc8 55. gxf5 gxf5 56. Ke3 Kf7 57. Kf4 Kg6 58. Bc7 Bf6 59. Ne5+ Bxe5+ 60. Kxe5
Kg5 61. f4+ Kg6 62. h4 a4 63. bxa4 Ne7 64. Bxb6 Kh5 65. Bxc5 Nc6+ 66. Kxf5 Na5
67. Bb6 Nxc4 68. a5 Nxa3 69. a6 Nc4 70. Bc7 Ne3+ 71. Ke6 Kxh4 72. a7 Nc2 73.
a8=Q Nd4+ 74. Kf6 Kg4 75. Qg2+ Kh4 76. Qf2+ Kh3 77. Qxd4 Kg4 78. f5+ Kh5 79.
Qd1+ Kh4 80. Bf4 Kh3 81. Qf3+ Kh4 82. Qg3+ 1-0

[Event "World Blitz Women 2017"]
[Site "Riyadh KSA"]
[Date "2017.12.30"]
[Round "14.40"]
[White "Charkhalashvili, Inga"]
[Black "Mamedjarova, Zeinab"]
[Result "1-0"]
[WhiteTitle "WGM"]
[BlackTitle "WGM"]
[WhiteElo "2355"]
[BlackElo "2363"]
[WhiteFideId "13601431"]
[BlackFideId "13401521"]
[EventDate "2017.12.29"]

1. d4 d5 2. c4 dxc4 3. Nc3 Nf6 4. e3 a6 5. Bxc4 e6 6. Nf3 b5 7. Be2 Bb7 8. O-O
Nbd7 9. b3 c5 10. Bb2 cxd4 11. Nxd4 Ne5 12. f4 Ned7 13. Bf3 Qb6 14. Kh1 Be7 15.
e4 Nc5 16. e5 Nfe4 17. Nxe4 Nxe4 18. Qe2 Nc5 19. f5 O-O 20. f6 Bd8 21. fxg7 Kxg7
22. Bxb7 Qxb7 23. b4 Na4 24. Bc1 Kh8 25. Nxe6 Rg8 26. Nf4 Nc3 27. Qb2 Ne4 28.
Be3 Bg5 29. Rae1 Rad8 30. e6+ Bf6 31. Qb1 fxe6 32. Bg1 e5 33. Rxe4 exf4 34. Qc2
Rc8 35. Qe2 Rg6 36. Rexf4 Rcg8 37. R1f2 Bd8 38. Qe5+ Bf6 39. Rxf6 Rxg2 40. Rg6+
Rg7 41. Rf8# 1-0

[Event "World Blitz Women 2017"]
[Site "Riyadh KSA"]
[Date "2017.12.30"]
[Round "14.41"]
[White "Karavade, Eesha"]
[Black "Atalik, Ekaterina"]
[Result "0-1"]
[WhiteTitle "IM"]
[BlackTitle "IM"]
[WhiteElo "2384"]
[BlackElo "2451"]
[WhiteFideId "5012600"]
[BlackFideId "4130189"]
[EventDate "2017.12.29"]

1. Nf3 Nf6 2. c4 e6 3. g3 d5 4. b3 d4 5. Bg2 Nc6 6. O-O Be7 7. e3 e5 8. d3 O-O
9. exd4 exd4 10. a3 a5 11. Bg5 h6 12. Bxf6 Bxf6 13. Nbd2 g5 14. Ne1 Bg7 15. Nc2
Ne5 16. Ne4 Rb8 17. b4 axb4 18. axb4 b6 19. Ra3 f5 20. Nd2 Kh8 21. Re1 f4 22.
Ne4 f3 23. Bf1 Bf5 24. Qa1 Nd7 25. Ra7 Re8 26. Nd2 Ne5 27. Ne4 Nxc4 28. Qa4 Bxe4
29. dxe4 d3 30. Rd1 Nb2 31. Qc6 Nxd1 32. Ne1 d2 33. Nxf3 Nxf2 34. Nxd2 Qxd2 35.
Qxc7 Qd4 36. Kg2 Ng4 37. Bd3 Ne3+ 38. Kh1 Rf8 0-1

[Event "World Blitz Women 2017"]
[Site "Riyadh KSA"]
[Date "2017.12.30"]
[Round "14.42"]
[White "Galojan, Lilit"]
[Black "Papp, Petra"]
[Result "0-1"]
[WhiteTitle "IM"]
[BlackTitle "WGM"]
[WhiteElo "2300"]
[BlackElo "2313"]
[WhiteFideId "13301314"]
[BlackFideId "739049"]
[EventDate "2017.12.29"]

1. c4 g6 2. g3 Bg7 3. Bg2 c5 4. Nc3 Nc6 5. e3 d6 6. Nge2 e6 7. a3 Nge7 8. O-O
O-O 9. d4 cxd4 10. Nxd4 Nxd4 11. exd4 Nf5 12. d5 e5 13. Ne4 h6 14. b4 Qe7 15. c5
dxc5 16. bxc5 Rd8 17. Bb2 Bd7 18. Re1 Bc6 19. d6 Qe6 20. Qd2 Rac8 21. Rac1 b6
22. Red1 Nd4 23. Bxd4 exd4 24. Re1 bxc5 25. Nxc5 Qxd6 26. Ne4 d3 27. Nxd6 Rxd6
28. Bxc6 Rdxc6 29. Rxc6 Rxc6 30. Qxd3 h5 31. Qa6 Rxa6 32. Re3 Bf8 0-1

[Event "World Blitz Women 2017"]
[Site "Riyadh KSA"]
[Date "2017.12.30"]
[Round "14.43"]
[White "Fataliyeva, Ulviyya"]
[Black "Fierro Baquero, Martha L."]
[Result "1-0"]
[WhiteTitle "WGM"]
[BlackTitle "IM"]
[WhiteElo "2384"]
[BlackElo "2369"]
[WhiteFideId "13403052"]
[BlackFideId "3600270"]
[EventDate "2017.12.29"]

1. e4 g6 2. d4 Bg7 3. Nc3 c6 4. Be3 d6 5. h3 Qa5 6. f4 Nf6 7. Bd3 O-O 8. Nf3
Nbd7 9. O-O e5 10. a3 exd4 11. Bxd4 Qc7 12. Qd2 a6 13. Rae1 Nh5 14. Bxg7 Kxg7
15. f5 Qd8 16. Bc4 b5 17. Ba2 Nc5 18. Qd4+ Qf6 19. e5 dxe5 20. Qxc5 Ng3 21. Rf2
Bxf5 22. Qxe5 Qxe5 23. Rxe5 Rad8 24. Kh2 Nh5 25. g4 1-0

[Event "World Blitz Women 2017"]
[Site "Riyadh KSA"]
[Date "2017.12.30"]
[Round "14.44"]
[White "Sedina, Elena"]
[Black "Ovod, Evgenija"]
[Result "0-1"]
[WhiteTitle "IM"]
[BlackTitle "IM"]
[WhiteElo "2312"]
[BlackElo "2364"]
[WhiteFideId "812153"]
[BlackFideId "4131827"]
[EventDate "2017.12.29"]

1. e4 e5 2. Nf3 Nc6 3. Bc4 Bc5 4. O-O Nf6 5. d3 d6 6. c3 a6 7. Nbd2 Ba7 8. Bb3
Ne7 9. Re1 Ng6 10. Nf1 O-O 11. Ng3 h6 12. h3 Be6 13. d4 Bxb3 14. Qxb3 Rb8 15.
Be3 exd4 16. cxd4 Re8 17. d5 Bxe3 18. Rxe3 Qd7 19. Rc1 c5 20. dxc6 bxc6 21. Qc3
c5 22. Rd1 Qc6 23. Red3 Nxe4 24. Nxe4 Qxe4 25. Rxd6 Nf4 26. Qd2 Nxh3+ 27. Kh2
Nf4 28. Re1 Qf5 29. Rxe8+ Rxe8 30. Rd8 Rxd8 31. Qxd8+ Kh7 32. Qd2 Qg4 33. Ne1
Ne2 34. Qd3+ f5 35. Kh1 Qh4+ 36. Qh3 Qxf2 37. Nf3 0-1

[Event "World Blitz Women 2017"]
[Site "Riyadh KSA"]
[Date "2017.12.30"]
[Round "14.45"]
[White "Assaubayeva, Bibisara"]
[Black "Zimina, Olga"]
[Result "0-1"]
[WhiteTitle "FM"]
[BlackTitle "IM"]
[WhiteElo "2381"]
[BlackElo "2415"]
[WhiteFideId "13708694"]
[BlackFideId "4132190"]
[EventDate "2017.12.29"]

1. d4 d5 2. Nf3 Nf6 3. c4 c6 4. Nc3 e6 5. Bg5 dxc4 6. a4 h6 7. Bxf6 Qxf6 8. e4
Bb4 9. Bxc4 O-O 10. O-O Rd8 11. Qb3 a5 12. Rad1 Na6 13. Rfe1 Bd7 14. e5 Qe7 15.
Ne4 Be8 16. Qe3 Bxe1 17. Rxe1 Nb4 18. Rd1 Nd5 19. Qe2 b5 20. axb5 cxb5 21. Bxb5
Bxb5 22. Qxb5 Rdb8 23. Qe2 Qb4 24. Rd2 Rc8 25. Nc5 a4 26. h3 Nb6 27. Rc2 Nd5 28.
Qd3 Rcb8 29. Nd2 Nf4 30. Qe4 Qxd4 31. Qxd4 Ne2+ 32. Kf1 Nxd4 33. Rc4 Nc6 34.
Nxa4 Nxe5 35. Re4 Nd3 36. b3 Rb4 37. Rxb4 Nxb4 38. Ke2 Rd8 39. Ne4 f5 40. Nec5
Kf7 41. Nb2 e5 42. Ke3 Kf6 43. f3 g5 44. g4 Nd5+ 45. Kd3 Nf4+ 46. Kc4 Nxh3 47.
b4 Ng1 48. gxf5 Nxf3 49. b5 g4 50. b6 Nd2+ 51. Kc3 g3 52. b7 g2 53. Nd7+ Kxf5
54. Kxd2 Rxd7+ 55. Ke3 Rxb7 0-1

[Event "World Blitz Women 2017"]
[Site "Riyadh KSA"]
[Date "2017.12.30"]
[Round "15.1"]
[White "Mammadzada, Gunay"]
[Black "Cramling, Pia"]
[Result "1-0"]
[WhiteTitle "WGM"]
[BlackTitle "GM"]
[WhiteElo "2333"]
[BlackElo "2450"]
[WhiteFideId "13403729"]
[BlackFideId "1700030"]
[EventDate "2017.12.29"]

1. e4 c5 2. Nf3 e6 3. d4 cxd4 4. Nxd4 Nc6 5. Nc3 Qc7 6. Be3 a6 7. Qd2 Nf6 8. f4
Bb4 9. Bd3 e5 10. Nf5 O-O 11. a3 Bxc3 12. Qxc3 d6 13. O-O-O Bxf5 14. exf5 e4 15.
Be2 Rac8 16. g4 Rfe8 17. Kb1 Qe7 18. g5 Nd7 19. Qd2 Red8 20. Qxd6 Qe8 21. Qd5
Nf8 22. Qb3 b5 23. Bb6 Rxd1+ 24. Rxd1 Nd7 25. Be3 Ne7 26. f6 Nf5 27. Bg4 Nc5 28.
Bxc5 Rxc5 29. Qb4 Rc4 30. Qa5 Nd4 31. Be2 Nc6 32. Qb6 1-0

[Event "World Blitz Women 2017"]
[Site "Riyadh KSA"]
[Date "2017.12.30"]
[Round "15.2"]
[White "Dzagnidze, Nana"]
[Black "Ju, Wenjun"]
[Result "1-0"]
[WhiteTitle "GM"]
[BlackTitle "GM"]
[WhiteElo "2522"]
[BlackElo "2567"]
[WhiteFideId "13601903"]
[BlackFideId "8603006"]
[EventDate "2017.12.29"]

1. c4 g6 2. Nc3 Bg7 3. g3 e5 4. Bg2 Ne7 5. Nf3 O-O 6. d4 d6 7. O-O h6 8. e3 f5
9. dxe5 dxe5 10. Qe2 e4 11. Nd4 c6 12. Rd1 Qc7 13. b3 Na6 14. Ba3 Re8 15. Rac1
Qa5 16. Na4 Bd7 17. Qd2 Qxd2 18. Rxd2 b6 19. Bf1 Nc7 20. Bd6 Ne6 21. c5 b5 22.
Nc3 Kf7 23. a4 a6 24. Nde2 Rad8 25. Na2 Nc8 26. Nf4 Nxd6 27. cxd6 Be5 28. Nb4
bxa4 29. bxa4 c5 30. Nxa6 Bxf4 31. gxf4 Bxa4 32. Bc4 Bd7 33. Nxc5 Kf6 34. Nxd7+
Rxd7 35. Bb5 Red8 36. Bxd7 Rxd7 37. Rc8 g5 38. fxg5+ hxg5 39. Rd5 f4 40. Rc4 f3
41. Rxe4 Ra7 42. Rd1 Nc5 43. Red4 Ke6 44. h3 Rh7 45. d7 Nxd7 46. Rd6+ 1-0

[Event "World Blitz Women 2017"]
[Site "Riyadh KSA"]
[Date "2017.12.30"]
[Round "15.4"]
[White "Lagno, Kateryna"]
[Black "Skripchenko, Almira"]
[Result "1/2-1/2"]
[WhiteTitle "GM"]
[BlackTitle "IM"]
[WhiteElo "2547"]
[BlackElo "2403"]
[WhiteFideId "14109336"]
[BlackFideId "13900145"]
[EventDate "2017.12.29"]

1. e4 d6 2. d4 Nf6 3. Bd3 g6 4. Nf3 Bg7 5. O-O O-O 6. h3 Nc6 7. d5 Nb8 8. Re1 c6
9. c4 Nbd7 10. Nc3 a5 11. Bf4 Nc5 12. Bc2 Nfd7 13. Qd2 a4 14. Bh6 Qb6 15. Rab1
Qb4 16. Nd4 Bxh6 17. Qxh6 Ne5 18. Re3 Nxc4 19. Rg3 Ne5 20. Nf5 Bxf5 21. exf5
Ncd7 22. f4 Qd4+ 23. Kh1 Qd2 24. Be4 Nf6 25. Rd1 Qf2 26. fxe5 Qxg3 27. exf6 exf6
28. a3 Rfe8 29. Qd2 c5 30. Bf3 Re5 31. Ne4 Qh4 32. Nxd6 b6 33. Nb5 Rd8 34. d6
Rxf5 35. d7 Rxf3 36. gxf3 Qxh3+ 37. Kg1 Qxf3 38. Qd6 Qe3+ 39. Kf1 Qf3+ 40. Kg1
Qe3+ 41. Kh1 Qf3+ 42. Kh2 Qf2+ 43. Kh3 Qf3+ 44. Kh2 Qf2+ 45. Kh1 Qf3+ 1/2-1/2

[Event "World Blitz Women 2017"]
[Site "Riyadh KSA"]
[Date "2017.12.30"]
[Round "15.5"]
[White "Tan, Zhongyi"]
[Black "Lei, Tingjie"]
[Result "1/2-1/2"]
[WhiteTitle "GM"]
[BlackTitle "GM"]
[WhiteElo "2517"]
[BlackElo "2528"]
[WhiteFideId "8603642"]
[BlackFideId "8605114"]
[EventDate "2017.12.29"]

1. d4 Nf6 2. c4 g6 3. g3 c6 4. Bg2 d5 5. Nf3 Bg7 6. Qb3 O-O 7. O-O Qb6 8. Nc3
Rd8 9. cxd5 Qxb3 10. axb3 Nxd5 11. e3 Nb4 12. Bd2 N8a6 13. Na4 Be6 14. Bxb4 Nxb4
15. Nc5 Bc8 16. Ra4 a5 17. Rfa1 b6 18. Rxb4 bxc5 19. Rc4 cxd4 20. Nxd4 Bxd4 21.
exd4 Be6 22. Rxc6 Bxb3 23. Rb6 Rab8 24. Rxb8 Rxb8 25. Rxa5 Rb4 26. Bf1 Rxd4 27.
Rb5 Bd5 28. Rb8+ Kg7 29. f4 Rd1 30. Kf2 Rd2+ 31. Kg1 Rd1 32. Kf2 1/2-1/2

[Event "World Blitz Women 2017"]
[Site "Riyadh KSA"]
[Date "2017.12.30"]
[Round "15.6"]
[White "Javakhishvili, Lela"]
[Black "Buksa, Nataliya"]
[Result "1/2-1/2"]
[WhiteTitle "IM"]
[BlackTitle "WGM"]
[WhiteElo "2449"]
[BlackElo "2385"]
[WhiteFideId "13601458"]
[BlackFideId "14123622"]
[EventDate "2017.12.29"]

1. d4 d5 2. Nf3 e6 3. c4 Nf6 4. Nc3 a6 5. cxd5 exd5 6. Bg5 c6 7. e3 Be6 8. Bd3
Nbd7 9. Qc2 h6 10. Bf4 g5 11. Bg3 Nh5 12. Be5 Ng7 13. Bg3 Nh5 14. O-O-O Nxg3 15.
hxg3 Bg7 16. Kb1 b5 17. e4 b4 18. exd5 cxd5 19. Na4 Qa5 20. Rc1 Ke7 21. Qb3 Rhc8
22. Rxc8 Rxc8 23. Re1 Kf8 24. Bc2 Qb5 25. Bd3 Qa5 26. Bc2 Rc4 27. Bd3 Rc6 28.
Bc2 Rc8 29. Bd3 Kg8 30. Bc2 Qc7 31. Bd3 Qc6 32. Bc2 Qc4 33. Bd3 Qc6 34. Bc2 Kf8
35. Bd3 Bf6 36. Bc2 Bg7 37. Bd3 Rc7 38. Qxb4+ Kg8 39. Qb3 Rb7 40. Qc2 Qxc2+ 41.
Bxc2 Kf8 42. Bb3 Rb4 43. Nc3 Bxd4 44. Rd1 Bxf2 45. Bxd5 Bxd5 46. Nxd5 Rb7 47. g4
Kg7 48. Nc3 Nf6 49. b3 Nxg4 50. Rd6 a5 51. Nd5 a4 52. Kc2 axb3+ 53. axb3 Ne3+
54. Nxe3 Bxe3 55. b4 Rxb4 56. Kd3 Bf4 57. Rc6 Rb2 58. g4 Rg2 59. Nd4 f6 60. Nf5+
Kg6 61. Ne7+ Kf7 62. Nf5 Rh2 63. Ke4 h5 64. gxh5 Rxh5 65. Ra6 Rh1 66. Ra7+ Kf8
67. Ra8+ Kf7 68. Ra7+ Ke8 69. Ra8+ Kd7 70. Ra7+ Kc6 71. Ra6+ Kc5 72. Rxf6 Re1+
73. Kf3 Re8 74. Rg6 Kd5 75. Kg4 Re1 76. Ra6 Ke5 77. Ra5+ Kf6 78. Ra6+ Ke5 79.
Ra5+ Ke6 80. Ra6+ Kd5 81. Ra5+ Kc4 82. Ra4+ Kb3 83. Ra8 Rg1+ 84. Kf3 Rf1+ 85.
Kg4 Rd1 86. Rc8 Rd7 87. Kf3 Bd2 88. Kg4 Kb4 89. Rc6 Rd5 90. Rd6 Rxd6 91. Nxd6
Be3 92. Ne4 1/2-1/2

[Event "World Blitz Women 2017"]
[Site "Riyadh KSA"]
[Date "2017.12.30"]
[Round "15.7"]
[White "Michna, Marta"]
[Black "Padmini, Rout"]
[Result "1-0"]
[WhiteTitle "WGM"]
[BlackTitle "IM"]
[WhiteElo "2377"]
[BlackElo "2324"]
[WhiteFideId "1106686"]
[BlackFideId "5029295"]
[EventDate "2017.12.29"]

1. Nf3 d5 2. d3 Nf6 3. Nbd2 g6 4. e4 dxe4 5. dxe4 Bg7 6. c3 O-O 7. Qc2 a5 8. a4
Na6 9. Bc4 Nc5 10. O-O Be6 11. Bxe6 Nxe6 12. Nc4 Qc8 13. Re1 Rd8 14. Be3 Nh5 15.
Rad1 Rxd1 16. Rxd1 Nef4 17. Bxf4 Nxf4 18. Ne3 c6 19. Qd2 Ne6 20. Nc4 Qc7 21. Qe3
Rd8 22. Rxd8+ Qxd8 23. Qd2 Qc7 24. Qe3 b5 25. axb5 cxb5 26. Nb6 a4 27. Nd5 Qc4
28. Nxe7+ Kf8 29. Nd5 Nc5 30. Nd2 Qa2 31. Qxc5+ 1-0

[Event "World Blitz Women 2017"]
[Site "Riyadh KSA"]
[Date "2017.12.30"]
[Round "15.8"]
[White "Berend, Elvira"]
[Black "Ushenina, Anna"]
[Result "0-1"]
[WhiteTitle "WGM"]
[BlackTitle "GM"]
[WhiteElo "2303"]
[BlackElo "2416"]
[WhiteFideId "4000510"]
[BlackFideId "14110911"]
[EventDate "2017.12.29"]

1. e4 c5 2. Nf3 e6 3. d4 cxd4 4. Nxd4 Nc6 5. Nxc6 bxc6 6. Bd3 d5 7. O-O Nf6 8.
Nc3 Be7 9. Qe2 O-O 10. Bf4 a5 11. b3 Bb7 12. e5 Nd7 13. Na4 Nb6 14. Nxb6 Qxb6
15. Qh5 g6 16. Qe2 Ba6 17. c4 a4 18. Rab1 axb3 19. axb3 Rfb8 20. h3 Qd4 21. Bg3
Rb4 22. Rfd1 Qb6 23. cxd5 Bxd3 24. Qxd3 cxd5 25. Kh2 Rb8 26. Rdc1 Rxb3 27. Rxb3
Qxb3 28. Qd2 Qb4 29. Qd3 Qb6 30. h4 h5 31. Rc2 Kg7 32. Qd2 Qb4 33. Qd3 Bxh4 34.
Rc7 Bd8 35. Rc2 h4 36. Ra2 hxg3+ 37. Qxg3 Qh4+ 38. Qxh4 Bxh4 39. g3 Bd8 40. Kg2
Rb4 41. Ra8 Bb6 42. Ra2 Bd4 43. Re2 Rb2 0-1

[Event "World Blitz Women 2017"]
[Site "Riyadh KSA"]
[Date "2017.12.30"]
[Round "15.9"]
[White "Nechaeva, Marina"]
[Black "Krush, Irina"]
[Result "1-0"]
[WhiteTitle "IM"]
[BlackTitle "GM"]
[WhiteElo "2424"]
[BlackElo "2431"]
[WhiteFideId "4149351"]
[BlackFideId "2012782"]
[EventDate "2017.12.29"]

1. d4 Nf6 2. c4 c5 3. d5 g6 4. Nc3 Bg7 5. e4 d6 6. Bd3 O-O 7. h3 e6 8. Nf3 Nbd7
9. O-O e5 10. a3 a6 11. b4 b6 12. Rb1 Nh5 13. Bg5 f6 14. Be3 Nf4 15. Ne2 Nxd3
16. Qxd3 Qe7 17. Nd2 f5 18. exf5 gxf5 19. f4 e4 20. Qc2 h5 21. Nb3 a5 22. bxc5
bxc5 23. a4 Nf6 24. Nc3 h4 25. Nc1 Nh5 26. N1e2 Kh7 27. Rb6 Bf6 28. Nb5 Ra6 29.
Rxa6 Bxa6 30. Qd2 Qd8 31. Rb1 Rg8 32. Kh1 Ng3+ 33. Nxg3 Rxg3 34. Bf2 Rd3 35. Qe2
Kh6 36. Rd1 Rb3 37. Qe1 Rb4 38. Rc1 Rxa4 39. Rb1 Rb4 40. Rc1 Bxb5 41. cxb5 Rxb5
42. Qe2 Rb2 43. Rc2 Rb4 44. Qa6 a4 45. Ra2 Rb1+ 46. Kh2 Rb4 47. Rxa4 Rxa4 48.
Qxa4 Qc8 49. Qc4 Qb7 50. Qa2 Qb5 51. Qa8 Bg7 52. Qg8 Qd7 53. Bxh4 c4 54. Bg5+
Kg6 55. h4 c3 56. h5+ Kxh5 57. Qh7+ Kg4 58. Qh3# 1-0